000 00590nam a22002297a 4500
003 UA-OsUOA
001 85735
007 ta
008 20120711b un ||||| |||| 00| 0 ukr d
090 _a338.9+329(477)
_bП37
942 _cBK
040 _aUA-OsUOA
_bukr
_cUA-OsUOA
_dUA-OsUOA
245 _aПлан розвитку країни
_bАбетка для дорослих
300 _a212 с.
955 _a2
041 _aukr
080 _a338.9+329(477)
020 _a966-96602-0-3
260 _aК.
_bПенсія
_c2006
650 7 _a32 Політика
_2UDC
999 _c372053
_d372053